[Event "43rd World Open"]
[Site "Arlington, VA"]
[Date "2015.07.01"]
[Round "1.1"]
[White "McShane, Luke"]
[Black "Colas, Joshua"]
[Result "1-0"]
[WhiteElo "2685"]
[BlackElo "2241"]
[PlyCount "137"]
[EventDate "2015.07.??"]
[EventType "swiss"]
[EventRounds "9"]
[EventCountry "USA"]
[WhiteClock "0:00:16"]
[BlackClock "0:20:43"]

1. e4 c5 2. Nf3 e6 3. g3 Nc6 4. Bg2 Nf6 5. Qe2 d5 6. d3 Be7 7. O-O O-O 8. e5
Nd7 9. c4 Re8 10. Re1 Nf8 11. h4 b6 12. Nc3 Bb7 13. Bf4 a6 14. Rad1 Nd4 15. Qf1
dxc4 16. Nxd4 Bxg2 17. Kxg2 cxd4 18. dxc4 Ra7 19. Ne2 Rd7 20. Ng1 Ng6 21. Bd2
Qa8+ 22. Kh2 f6 23. exf6 Bxf6 24. Qg2 Qxg2+ 25. Kxg2 Ne5 26. b3 Nf7 27. f4 h5
28. Nh3 Nh6 29. Nf2 Nf5 30. Nd3 Kf7 31. Kf3 Rc7 32. Rc1 Rec8 33. Rc2 g6 34.
Rec1 Nd6 35. c5 Nb7 36. b4 Be7 37. Ne5+ Kg7 38. c6 Nd8 39. a4 b5 40. axb5 axb5
41. Ke4 Bf6 42. Rc5 Bxe5 43. Rxe5 Rxc6 44. Rxc6 Nxc6 45. Rxb5 Ne7 46. Kxd4 Nf5+
47. Ke5 Rc2 48. Rb7+ Kf8 49. Kf6 Nd6 50. Rb8+ Ne8+ 51. Kxg6 Rxd2 52. Kxh5 Kf7
53. Rb7+ Kf6 54. g4 Nd6 55. Rb8 Rd4 56. g5+ Ke7 57. Kg6 Rxf4 58. h5 Rf8 59.
Rxf8 Kxf8 60. Kh7 Ne4 61. g6 Nf6+ 62. Kh6 Nd5 63. b5 e5 64. Kh7 Ke7 65. b6 Nxb6
66. g7 Nd7 67. Kh8 Nf6 68. h6 e4 69. h7 1-0

[Event "43rd World Open"]
[Site "Arlington, VA"]
[Date "2015.07.01"]
[Round "1.2"]
[White "Betaneli, Alexander"]
[Black "Kamsky, Gata"]
[Result "0-1"]
[WhiteElo "2236"]
[BlackElo "2672"]
[PlyCount "72"]
[EventDate "2015.07.??"]
[EventType "swiss"]
[EventRounds "9"]
[EventCountry "USA"]
[WhiteClock "0:01:56"]
[BlackClock "0:46:06"]

1. c4 e5 2. g3 Nc6 3. Nc3 Nf6 4. Bg2 Bc5 5. e3 a6 6. Nge2 Ba7 7. O-O d6 8. d4
O-O 9. h3 Bd7 10. b3 Rb8 11. dxe5 Nxe5 12. Nd4 b5 13. cxb5 axb5 14. f4 Ng6 15.
Nc6 Bxc6 16. Bxc6 b4 17. Nb5 Bc5 18. Nd4 d5 19. Bb2 Ne7 20. Ba4 Ne4 21. Rf3 Qd6
22. Rc1 Rfd8 23. Kh2 c6 24. Rc2 Rbc8 25. Qc1 h5 26. Ne2 Bb6 27. a3 bxa3 28.
Bxa3 c5 29. Nc3 Nf5 30. g4 Nh4 31. Rf1 hxg4 32. hxg4 Qg6 33. Qd1 c4 34. Be7 Qh7
35. Nxe4 Nf5+ 36. Kg1 Nxe3 0-1

[Event "43rd World Open"]
[Site "Arlington, VA"]
[Date "2015.07.01"]
[Round "1.3"]
[White "Smirin, Ilya"]
[Black "Kunche, Nikhilesh"]
[Result "1-0"]
[WhiteElo "2663"]
[BlackElo "2235"]
[PlyCount "35"]
[EventDate "2015.07.??"]
[EventType "swiss"]
[EventRounds "9"]
[EventCountry "USA"]
[WhiteClock "1:33:31"]
[BlackClock "1:01:02"]

1. e4 c5 2. Nf3 Nc6 3. Bb5 g6 4. c3 Bg7 5. d4 Qb6 6. a4 cxd4 7. O-O a6 8. Bxc6
dxc3 9. Bxd7+ Bxd7 10. Nxc3 Bc6 11. a5 Qb4 12. Bd2 Rd8 13. Qc2 Qc4 14. Rfe1 e6
15. Bg5 Ne7 16. Rad1 Rxd1 17. Rxd1 Qc5 18. Nd5 1-0

[Event "43rd World Open"]
[Site "Arlington, VA"]
[Date "2015.07.01"]
[Round "1.4"]
[White "Ludwig, John"]
[Black "Mamedov, Rauf"]
[Result "0-1"]
[WhiteElo "2235"]
[BlackElo "2639"]
[PlyCount "84"]
[EventDate "2015.07.??"]
[EventType "swiss"]
[EventRounds "9"]
[EventCountry "USA"]
[WhiteClock "0:03:01"]
[BlackClock "0:06:01"]

1. e4 c5 2. Nf3 Nc6 3. d4 cxd4 4. Nxd4 g6 5. Nc3 Bg7 6. Be3 Nf6 7. Bc4 Qa5 8.
O-O O-O 9. Bb3 d6 10. h3 Bd7 11. f4 Nxd4 12. Bxd4 Bc6 13. Qd3 Rad8 14. Nd5 Bxd5
15. exd5 Nd7 16. Bxg7 Kxg7 17. Qd4+ Kg8 18. Rae1 Rfe8 19. Re3 Qc5 20. Qxc5 Nxc5
21. Rfe1 Kf8 22. Bc4 a6 23. Bf1 Rc8 24. c4 a5 25. b3 Ra8 26. g4 Ra6 27. h4 Rb6
28. Be2 a4 29. Bd1 axb3 30. axb3 Rb4 31. h5 b5 32. hxg6 hxg6 33. f5 bxc4 34. f6
cxb3 35. Rh3 Kg8 36. Kg2 Ne4 37. fxe7 b2 38. Bc2 Rxe7 39. Bb1 Re5 40. Re2 Kg7
41. Kf1 Ng5 42. Rxe5 Nxh3 0-1

[Event "43rd World Open"]
[Site "Arlington, VA"]
[Date "2015.07.01"]
[Round "1"]
[White "Balakrishnan, Praveen"]
[Black "Bachmann, Axel"]
[Result "0-1"]
[WhiteElo "2226"]
[BlackElo "2633"]
[PlyCount "72"]
[EventDate "2015.07.??"]
[EventType "swiss"]
[EventRounds "9"]
[EventCountry "USA"]

1. d4 Nf6 2. c4 e6 3. g3 Bb4+ 4. Bd2 a5 5. Bg2 d6 6. e4 e5 7. Ne2 Nc6 8. d5 Ne7
9. O-O O-O 10. Nbc3 Bc5 11. h3 c6 12. g4 Ng6 13. Ng3 Nd7 14. Qc1 Nb6 15. Nh5 f6
16. Ne2 cxd5 17. cxd5 Bd7 18. Neg3 Nh4 19. Nf5 Nxg2 20. Kxg2 g6 21. Nh6+ Kh8
22. Ng3 Qe7 23. h4 Qg7 24. h5 f5 25. hxg6 f4 26. Nf7+ Rxf7 27. gxf7 Qxg4 28.
Bxf4 exf4 29. Qc3+ Qg7 30. Qxg7+ Kxg7 31. Nh5+ Kxf7 32. Kf3 Nc4 33. Kxf4 Ne5
34. Rg1 Rf8 35. Kg3 Rg8+ 36. Kf4 Bg4 0-1

[Event "43rd World Open"]
[Site "Arlington, VA"]
[Date "2015.07.01"]
[Round "1"]
[White "Carreto, Giovanni"]
[Black "Nyzhnyk, Illia"]
[Result "0-1"]
[WhiteElo "2222"]
[BlackElo "2627"]
[PlyCount "42"]
[EventDate "2015.07.??"]
[EventType "swiss"]
[EventRounds "9"]
[EventCountry "USA"]

1. e4 c5 2. Nf3 d6 3. d4 cxd4 4. Nxd4 Nf6 5. Nc3 a6 6. Bg5 Nbd7 7. f4 e5 8. Nf5
Qb6 9. Qd2 Qxb2 10. Rb1 Qa3 11. Bc4 Qa5 12. O-O h6 13. Bxf6 Nxf6 14. Nxd6+ Bxd6
15. Qxd6 Qxc3 16. Rbd1 Bg4 17. Qc7 Qe3+ 18. Kh1 O-O 19. Rde1 Qd4 20. Bd3 exf4
21. Qxb7 Qe5 0-1

[Event "43rd World Open"]
[Site "Arlington, VA"]
[Date "2015.07.01"]
[Round "1"]
[White "Yanayt, Eugene"]
[Black "Azarov, Sergei"]
[Result "0-1"]
[WhiteElo "2220"]
[BlackElo "2618"]
[PlyCount "45"]
[EventDate "2015.07.??"]
[EventType "swiss"]
[EventRounds "9"]
[EventCountry "USA"]

1. d4 d5 2. c4 dxc4 3. Nf3 Nf6 4. e3 b5 5. a4 b4 6. Bxc4 e6 7. O-O Bb7 8. Nbd2
Be7 9. b3 O-O 10. Bb2 c5 11. Qe2 cxd4 12. Nxd4 Nc6 13. Nxc6 Bxc6 14. e4 Qa5 15.
e5 Nd5 16. Qg4 Nc3 17. Rae1 Rfd8 18. Nf3 Bd5 19. Re3 Bxc4 20. Qxc4 Rac8 21. Qg4
Qd5 22. Ng5 Qd1 23. Qh4 0-1

[Event "43rd World Open"]
[Site "Arlington, VA"]
[Date "2015.07.01"]
[Round "1"]
[White "Jacobson, Aaron"]
[Black "Kovalyov, Anton"]
[Result "0-1"]
[WhiteElo "2214"]
[BlackElo "2613"]
[PlyCount "62"]
[EventDate "2015.07.??"]
[EventType "swiss"]
[EventRounds "9"]
[EventCountry "USA"]

1. e4 c5 2. Nf3 d6 3. d4 cxd4 4. Nxd4 Nf6 5. Nc3 a6 6. Bg5 e6 7. f4 Qc7 8. Bxf6
gxf6 9. Qf3 b5 10. Bd3 Nd7 11. f5 Nc5 12. O-O Nxd3 13. Qxd3 b4 14. Nd1 e5 15.
Ne2 a5 16. c4 Qc5+ 17. Kh1 Bh6 18. Rf3 Bb7 19. Rh3 Bg5 20. Rh5 Ke7 21. h4 Bf4
22. g3 Rag8 23. gxf4 exf4 24. Qf3 Rg7 25. Qxf4 Qxc4 26. Ng3 Rxg3 27. Qxg3 Qxe4+
28. Kg1 Rg8 29. Qxg8 Qe1+ 30. Kh2 Qh1+ 31. Kg3 Qg2+ 0-1

[Event "43rd World Open"]
[Site "Arlington, VA"]
[Date "2015.07.01"]
[Round "1"]
[White "Fikiet, Alex"]
[Black "Ramirez, Alejandro"]
[Result "0-1"]
[WhiteElo "2209"]
[BlackElo "2587"]
[PlyCount "30"]
[EventDate "2015.07.??"]
[EventType "swiss"]
[EventRounds "9"]
[EventCountry "USA"]

1. d4 e6 2. c4 Bb4+ 3. Nc3 f5 4. e3 Nf6 5. Nge2 b6 6. a3 Bd6 7. Ng3 Bb7 8. Qc2
O-O 9. Bd3 Bxg2 10. Rg1 Bf3 11. e4 Nc6 12. Be3 f4 13. e5 fxe3 14. exf6 exf2+
15. Qxf2 Qxf6 0-1

[Event "43rd World Open"]
[Site "Arlington, VA"]
[Date "2015.07.01"]
[Round "1"]
[White "Maghami, Ehsan"]
[Black "Samuelson, Andrew"]
[Result "1-0"]
[WhiteElo "2570"]
[BlackElo "2200"]
[PlyCount "87"]
[EventDate "2015.07.??"]
[EventType "swiss"]
[EventRounds "9"]
[EventCountry "USA"]

1. d4 Nf6 2. Nf3 e6 3. c4 c5 4. e3 b6 5. Nc3 d6 6. Be2 Bb7 7. O-O Nbd7 8. d5
exd5 9. cxd5 a6 10. a4 g6 11. e4 Bg7 12. Bf4 Qe7 13. Nd2 O-O 14. Re1 Ne8 15.
Qc2 Ne5 16. Bg3 g5 17. Nf1 f5 18. exf5 Qf7 19. Ne3 Bc8 20. Rab1 Nc7 21. b4 Bxf5
22. Nxf5 Qxf5 23. Qxf5 Rxf5 24. bxc5 bxc5 25. Rb7 Ne8 26. Ne4 h6 27. Kf1 c4 28.
Bh5 Nd3 29. Bxe8 Nxe1 30. Bd7 Rff8 31. Kxe1 Rab8 32. Nxd6 Rxb7 33. Nxb7 c3 34.
Be6+ Kh7 35. d6 Re8 36. Nc5 Rb8 37. Bf5+ Kh8 38. d7 Ra8 39. Kd1 Bf6 40. Bc7 Kg7
41. Be4 Rh8 42. Kc2 Kf7 43. Nb7 Ke6 44. d8=Q 1-0

[Event "43rd World Open"]
[Site "Arlington, VA"]
[Date "2015.07.01"]
[Round "1"]
[White "Iyengar, Udit"]
[Black "Troff, Kayden"]
[Result "0-1"]
[WhiteElo "2189"]
[BlackElo "2545"]
[PlyCount "80"]
[EventDate "2015.07.??"]
[EventType "swiss"]
[EventRounds "9"]
[EventCountry "USA"]

1. e4 c5 2. Nf3 d6 3. d4 cxd4 4. Nxd4 Nf6 5. Nc3 a6 6. h3 e5 7. Nde2 h5 8. g3
Be6 9. Bg2 Be7 10. Be3 Nbd7 11. O-O Qc8 12. f4 Nf8 13. Na4 N8d7 14. f5 Bc4 15.
b3 Qc6 16. Nac3 Bxe2 17. Nxe2 Bd8 18. c4 Bb6 19. Bxb6 Qxb6+ 20. Rf2 Qe3 21. Qc1
Qxc1+ 22. Nxc1 Nc5 23. Re2 b5 24. Rd2 Ke7 25. Nd3 Ncxe4 26. Rc2 Rac8 27. Rac1
Kd7 28. g4 hxg4 29. hxg4 Rh4 30. Rd1 Ke7 31. Nf2 Nxf2 32. Kxf2 bxc4 33. bxc4
Rxg4 34. Rdc1 Rf4+ 35. Ke2 Ng4 36. Bh3 Rh8 37. Bxg4 Rxg4 38. Rc3 Rg2+ 39. Kf3
Rxa2 40. Rg1 Kf6 0-1

[Event "43rd World Open"]
[Site "Arlington, VA"]
[Date "2015.07.01"]
[Round "1"]
[White "Panchanathan, Magesh"]
[Black "Sheng, Joshua"]
[Result "1/2-1/2"]
[WhiteElo "2541"]
[BlackElo "2187"]
[PlyCount "79"]
[EventDate "2015.07.??"]
[EventType "swiss"]
[EventRounds "9"]
[EventCountry "USA"]

1. e4 c5 2. Nf3 e6 3. d4 cxd4 4. Nxd4 a6 5. Bd3 Bc5 6. Nb3 Be7 7. c4 d6 8. O-O
Nf6 9. Nc3 b6 10. f4 Nbd7 11. Qe2 Bb7 12. Bd2 O-O 13. Rae1 g6 14. Kh1 Qc7 15.
Nd4 Rfe8 16. Nf3 Bf8 17. e5 Nh5 18. Be4 f5 19. exf6 Nhxf6 20. Bxb7 Qxb7 21. Ng5
Bg7 22. Qd3 Nf8 23. Nce4 Rad8 24. Bb4 Qc6 25. Nxd6 a5 26. Ba3 Rd7 27. Nf3 Red8
28. Ne5 Rxd6 29. Nxc6 Rxd3 30. Nxd8 Rxd8 31. Bxf8 Kxf8 32. Rxe6 Rd2 33. b3 Rxa2
34. Rfe1 Rb2 35. Rxb6 a4 36. Rb8+ Kf7 37. Rb7+ Kf8 38. h3 a3 39. Rb8+ Kf7 40.
Rb7+ 1/2-1/2

[Event "43rd World Open"]
[Site "Arlington, VA"]
[Date "2015.07.01"]
[Round "1"]
[White "Ghatti, Sanjay"]
[Black "Shabalov, Alexander"]
[Result "0-1"]
[WhiteElo "2182"]
[BlackElo "2538"]
[PlyCount "116"]
[EventDate "2015.07.??"]
[EventType "swiss"]
[EventRounds "9"]
[EventCountry "USA"]

1. e4 c5 2. Nf3 e6 3. d4 cxd4 4. Nxd4 Nc6 5. Nc3 Qc7 6. Be2 a6 7. Be3 Nf6 8.
O-O Be7 9. Kh1 O-O 10. f4 d6 11. Bf3 Re8 12. Nxc6 bxc6 13. Na4 Bb7 14. c4 c5
15. Nc3 Nd7 16. Qd2 Nb8 17. Rad1 Nc6 18. Qf2 Rac8 19. b3 Ba8 20. Na4 e5 21. Nc3
exf4 22. Bxf4 Nd4 23. Qg3 Qd8 24. Nd5 Bxd5 25. exd5 Bh4 26. Qh3 Bg5 27. Bg3 Rc7
28. Rde1 Rce7 29. Rxe7 Qxe7 30. Bf2 g6 31. Bxd4 cxd4 32. Bd1 Qe3 33. Qxe3 Rxe3
34. b4 Rc3 35. Bb3 Kg7 36. g3 d3 37. c5 dxc5 38. bxc5 Rxc5 39. d6 f5 40. h4 Bd8
41. Rd1 Rc3 42. Kg2 Kf6 43. d7 Ke7 44. Bg8 h5 45. Bd5 Bc7 46. Bb7 a5 47. Ba6
Rc2+ 48. Kf3 d2 49. Ke2 Rxa2 50. Rxd2 Rxd2+ 51. Kxd2 Kxd7 52. Bc4 Ke7 53. Ke3
Bxg3 54. Kf3 Bxh4 55. Kf4 Kf6 56. Ba2 a4 57. Bg8 a3 58. Kf3 g5 0-1

[Event "43rd World Open"]
[Site "Arlington, VA"]
[Date "2015.07.01"]
[Round "1"]
[White "Georgiadis, Nico"]
[Black "Liu, Andrew"]
[Result "1/2-1/2"]
[WhiteElo "2482"]
[BlackElo "2165"]
[PlyCount "54"]
[EventDate "2015.07.??"]
[EventType "swiss"]
[EventRounds "9"]
[EventCountry "USA"]

1. e4 c5 2. Nf3 d6 3. d4 cxd4 4. Nxd4 Nf6 5. Nc3 g6 6. Be3 Bg7 7. f3 O-O 8. Qd2
Nc6 9. O-O-O d5 10. Qe1 e6 11. h4 Qc7 12. h5 Nxh5 13. g4 Ng3 14. Ndb5 Qb8 15.
Rh3 a6 16. Bc5 axb5 17. Bxf8 Kxf8 18. Qxg3 Be5 19. Qh4 b4 20. exd5 exd5 21.
Nxd5 Rxa2 22. Qh6+ Bg7 23. Qe3 Bxb2+ 24. Kb1 Be5 25. Kxa2 Qa8+ 26. Kb3 Qa3+ 27.
Kc4 Qa6+ 1/2-1/2

[Event "43rd World Open"]
[Site "Arlington, VA"]
[Date "2015.07.02"]
[Round "2.1"]
[White "Homa, Seth"]
[Black "McShane, Luke"]
[Result "0-1"]
[WhiteElo "2365"]
[BlackElo "2685"]
[PlyCount "76"]
[EventDate "2015.07.??"]
[EventType "swiss"]
[EventRounds "9"]
[EventCountry "USA"]
[WhiteClock "0:09:15"]
[BlackClock "0:13:33"]

1. d4 Nf6 2. c4 d6 3. Nc3 e5 4. Nf3 e4 5. Nd2 Qe7 6. Qc2 e3 7. fxe3 g6 8. e4
Bg7 9. Nf3 c6 10. e3 O-O 11. Bd3 c5 12. d5 Nbd7 13. O-O Ng4 14. Bd2 Nde5 15. h3
Nxf3+ 16. Rxf3 Ne5 17. Rf2 Bd7 18. Be2 a6 19. a4 b6 20. Rb1 Rab8 21. b3 Bh6 22.
Rbf1 Bg5 23. g4 h5 24. Rg2 hxg4 25. hxg4 Kg7 26. Nd1 Rh8 27. Rf4 Rh6 28. Bc3
Rbh8 29. Nf2 Kg8 30. Qb2 f6 31. b4 Qh7 32. Kf1 Rh1+ 33. Nxh1 Qxh1+ 34. Rg1 Qh3+
35. Ke1 Qxe3 36. Bxe5 fxe5 37. Rff1 Bh4+ 38. Kd1 Bxa4+ 0-1

[Event "43rd World Open"]
[Site "Arlington, VA"]
[Date "2015.07.02"]
[Round "2.2"]
[White "Kamsky, Gata"]
[Black "Shankar, Gauri"]
[Result "1/2-1/2"]
[WhiteElo "2672"]
[BlackElo "2365"]
[PlyCount "62"]
[EventDate "2015.07.??"]
[EventType "swiss"]
[EventRounds "9"]
[EventCountry "USA"]
[WhiteClock "0:04:44"]
[BlackClock "0:02:17"]

1. e4 c5 2. Nf3 Nc6 3. Nc3 g6 4. Bc4 Bg7 5. a3 d6 6. h3 Nf6 7. d3 O-O 8. O-O a6
9. Ba2 b5 10. Re1 Bb7 11. Bf4 Rc8 12. Qd2 Nd7 13. Bg5 Qa5 14. a4 b4 15. Nd1 e6
16. Ne3 Qc7 17. c3 a5 18. Ng4 Nce5 19. Nfxe5 Nxe5 20. f4 Nxg4 21. hxg4 d5 22.
f5 b3 23. Bxb3 c4 24. Ba2 dxe4 25. dxe4 exf5 26. exf5 Rfe8 27. Rxe8+ Rxe8 28.
Re1 Rxe1+ 29. Qxe1 Bf8 30. Be3 Qe5 31. Qf2 Qe4 1/2-1/2

[Event "43rd World Open"]
[Site "Arlington, VA"]
[Date "2015.07.02"]
[Round "2.3"]
[White "Mandizha, Farai"]
[Black "Smirin, Ilya"]
[Result "0-1"]
[WhiteElo "2362"]
[BlackElo "2663"]
[PlyCount "78"]
[EventDate "2015.07.??"]
[EventType "swiss"]
[EventRounds "9"]
[EventCountry "USA"]
[WhiteClock "0:00:18"]
[BlackClock "0:26:01"]

1. d4 Nf6 2. c4 g6 3. Nc3 Bg7 4. e4 d6 5. Be2 O-O 6. Nf3 Nbd7 7. O-O e5 8. Re1
c6 9. Bf1 exd4 10. Nxd4 Re8 11. Bg5 h6 12. Bh4 Nc5 13. Nb3 g5 14. Nxc5 gxh4 15.
Nb3 a5 16. Qd2 h3 17. g3 Ng4 18. Nd4 Qb6 19. Rad1 a4 20. f4 Nf6 21. f5 Ra5 22.
Bxh3 Rae5 23. Qc2 d5 24. Nxa4 Qa5 25. cxd5 cxd5 26. Nc3 dxe4 27. Kh1 e3 28. Re2
Bd7 29. Kg1 h5 30. Rde1 Bh6 31. Bg2 h4 32. Nf3 Bxf5 33. Qb3 Rc5 34. Nxh4 Bd3
35. Nd5 Rxd5 36. Bxd5 Qxd5 37. Qxd5 Nxd5 38. Rg2 e2 39. Nf3 Be3+ 0-1

[Event "43rd World Open"]
[Site "Arlington, VA"]
[Date "2015.07.02"]
[Round "2.4"]
[White "Mamedov, Rauf"]
[Black "Wang, Richard"]
[Result "1-0"]
[WhiteElo "2639"]
[BlackElo "2361"]
[PlyCount "63"]
[EventDate "2015.07.??"]
[EventType "swiss"]
[EventRounds "9"]
[EventCountry "USA"]
[WhiteClock "0:17:46"]
[BlackClock "0:15:39"]

1. Nf3 c5 2. e4 d6 3. Bb5+ Bd7 4. Bxd7+ Qxd7 5. c4 Nf6 6. Nc3 g6 7. d4 cxd4 8.
Nxd4 Bg7 9. f3 O-O 10. Be3 Nc6 11. O-O a6 12. Qd3 Rac8 13. b3 e6 14. Na4 Qe7
15. Rac1 Nd7 16. Nxc6 Rxc6 17. Rfd1 Rfc8 18. Bd2 Rb8 19. Bb4 Nc5 20. Nxc5 dxc5
21. Bc3 Bxc3 22. Rxc3 b5 23. Qd2 Qf6 24. Qe3 bxc4 25. Rxc4 Rd8 26. Rxd8+ Qxd8
27. h3 Qd1+ 28. Kh2 Qa1 29. Qd2 a5 30. f4 g5 31. Qd8+ Kg7 32. Qxg5+ 1-0

[Event "43rd World Open"]
[Site "Arlington, VA"]
[Date "2015.07.02"]
[Round "2"]
[White "Kretchetov, Alexander"]
[Black "Akobian, Varuzhan"]
[Result "0-1"]
[WhiteElo "2327"]
[BlackElo "2632"]
[PlyCount "80"]
[EventDate "2015.07.??"]
[EventType "swiss"]
[EventRounds "9"]
[EventCountry "USA"]

1. Nf3 Nf6 2. c4 e6 3. Nc3 c5 4. e4 d6 5. d4 cxd4 6. Nxd4 b6 7. Bd3 Bb7 8. O-O
Nbd7 9. Qe2 Ne5 10. Bc2 Qc8 11. b3 Be7 12. Ba3 a6 13. f4 Ned7 14. Nf3 b5 15. e5
Bxf3 16. Rxf3 dxe5 17. fxe5 Bxa3 18. exf6 Nxf6 19. Ne4 Nxe4 20. Qxe4 g6 21. Kh1
O-O 22. Bd3 Qc5 23. Raf1 Rad8 24. Qb7 Rb8 25. Qxa6 b4 26. h3 Bb2 27. Qa4 f5 28.
Qd7 Rb6 29. g4 Rf7 30. Qd8+ Kg7 31. gxf5 exf5 32. Be4 Rd6 33. Qb8 Rd2 34. Bd5
Re7 35. Qg8+ Kh6 36. Qf8+ Bg7 37. Qb8 Be5 38. Qf8+ Bg7 39. Qb8 Ree2 40. h4 Be5
0-1

[Event "43rd World Open"]
[Site "Arlington, VA"]
[Date "2015.07.02"]
[Round "2"]
[White "Nyzhnyk, Illia"]
[Black "Bartell, Thomas"]
[Result "1/2-1/2"]
[WhiteElo "2627"]
[BlackElo "2331"]
[PlyCount "53"]
[EventDate "2015.07.??"]
[EventType "swiss"]
[EventRounds "9"]
[EventCountry "USA"]

1. d4 d5 2. c4 c6 3. Nf3 Nf6 4. Qc2 dxc4 5. Qxc4 Bf5 6. g3 e6 7. Bg2 Nbd7 8.
O-O Be7 9. Nc3 O-O 10. e3 Ne4 11. Qe2 Nxc3 12. bxc3 Be4 13. a4 Qa5 14. Bd2 Qh5
15. Rfc1 Rfd8 16. h3 Rac8 17. g4 Qg6 18. Ne1 Bxg2 19. Nxg2 e5 20. e4 Bg5 21.
Bxg5 Qxg5 22. Rcb1 b6 23. a5 b5 24. d5 cxd5 25. Rxb5 dxe4 26. Rb7 a6 27. Qe3
1/2-1/2

[Event "43rd World Open"]
[Site "Arlington, VA"]
[Date "2015.07.02"]
[Round "2"]
[White "Azarov, Sergei"]
[Black "Rohan, Ahuja"]
[Result "1/2-1/2"]
[WhiteElo "2618"]
[BlackElo "2322"]
[PlyCount "90"]
[EventDate "2015.07.??"]
[EventType "swiss"]
[EventRounds "9"]
[EventCountry "USA"]

1. e4 e5 2. Nf3 Nc6 3. Bc4 Bc5 4. O-O Nf6 5. d4 Bxd4 6. Nxd4 Nxd4 7. f4 d6 8.
fxe5 dxe5 9. Bg5 Qe7 10. Rf2 Qc5 11. Bxf6 gxf6 12. Na3 b5 13. Bf1 b4 14. Nc4
Be6 15. Ne3 Rg8 16. Qe1 Ke7 17. Kh1 a5 18. Bd3 Rad8 19. Rf1 Rg6 20. Qf2 Rdg8
21. Rac1 Kf8 22. c3 bxc3 23. bxc3 Nc6 24. Qe2 a4 25. Rc2 h5 26. Qf2 h4 27. Nd5
Qxf2 28. Rcxf2 Kg7 29. Nxc7 Rc8 30. Nxe6+ fxe6 31. Bb5 Nd8 32. c4 Nb7 33. Bd7
Rxc4 34. Bxe6 Rc7 35. Bf5 Rh6 36. Rd2 Rh8 37. Rfd1 Re8 38. h3 Ree7 39. Kh2 Nc5
40. Rd6 Kf7 41. Rd8 Ne6 42. Rh8 Nd4 43. Rb1 Rc2 44. Rh7+ Kf8 45. Rh8+ Kf7
1/2-1/2

[Event "43rd World Open"]
[Site "Arlington, VA"]
[Date "2015.07.02"]
[Round "2"]
[White "Bachmann, Axel"]
[Black "Abu Sufian, Shakil"]
[Result "0-1"]
[WhiteElo "2633"]
[BlackElo "2344"]
[PlyCount "56"]
[EventDate "2015.07.??"]
[EventType "swiss"]
[EventRounds "9"]
[EventCountry "USA"]

1. Nf3 d5 2. g3 c6 3. Bg2 Bg4 4. c4 dxc4 5. a4 Nd7 6. Na3 e5 7. Nxc4 e4 8. Nfe5
Be6 9. Nxd7 Qxd7 10. b3 Bh3 11. Bxh3 Qxh3 12. Bb2 Nf6 13. Qc2 Qe6 14. Bxf6 gxf6
15. O-O O-O-O 16. f3 exf3 17. e3 h5 18. Rxf3 h4 19. Qf5 hxg3 20. hxg3 Rd5 21.
Qxe6+ fxe6 22. d4 Rdh5 23. Raf1 Rh1+ 24. Kf2 R8h2+ 25. Ke1 Bb4+ 26. Kd1 b5 27.
Rxf6 bxc4 28. bxc4 Rd2+ 0-1

[Event "43rd World Open"]
[Site "Arlington, VA"]
[Date "2015.07.02"]
[Round "2"]
[White "Kovalyov, Anton"]
[Black "Aaron, Deepak"]
[Result "1-0"]
[WhiteElo "2613"]
[BlackElo "2321"]
[PlyCount "51"]
[EventDate "2015.07.??"]
[EventType "swiss"]
[EventRounds "9"]
[EventCountry "USA"]

1. Nf3 d5 2. d4 Nf6 3. c4 c6 4. e3 e6 5. b3 Nbd7 6. Bb2 Bd6 7. Nbd2 b6 8. Bd3
Bb7 9. O-O c5 10. cxd5 exd5 11. Ne5 Qe7 12. Nxd7 Nxd7 13. e4 cxd4 14. exd5 O-O
15. Nc4 b5 16. Re1 Bxh2+ 17. Kxh2 Qh4+ 18. Kg1 bxc4 19. bxc4 f5 20. Bf1 f4 21.
Qxd4 Rf7 22. Re4 Qh6 23. Rae1 Raf8 24. Ba3 Rc8 25. Re8+ Nf8 26. Qxa7 1-0

[Event "43rd World Open"]
[Site "Arlington, VA"]
[Date "2015.07.02"]
[Round "2"]
[White "Katz, Alexander"]
[Black "Avrukh, Boris"]
[Result "1/2-1/2"]
[WhiteElo "2320"]
[BlackElo "2605"]
[PlyCount "187"]
[EventDate "2015.07.??"]
[EventType "swiss"]
[EventRounds "9"]
[EventCountry "USA"]

1. e4 e5 2. Nf3 Nc6 3. Bb5 a6 4. Ba4 Nf6 5. O-O Be7 6. Re1 b5 7. Bb3 d6 8. c3
O-O 9. d4 Bg4 10. Be3 exd4 11. cxd4 Na5 12. Bc2 c5 13. dxc5 Nc4 14. Nbd2 Nxe3
15. Rxe3 dxc5 16. e5 Nd5 17. Rd3 Ra7 18. Qe1 Be6 19. Rd1 Qa8 20. Bb1 Nf4 21.
Re3 Rd8 22. Ne4 Rad7 23. Rxd7 Rxd7 24. Qc1 c4 25. Re1 Nd3 26. Bxd3 Rxd3 27. Qf4
Qd8 28. h4 h6 29. Ng3 Rd1 30. Rxd1 Qxd1+ 31. Kh2 Qd3 32. Nd4 g5 33. Qe4 Qxe4
34. Nxe4 Bd7 35. hxg5 hxg5 36. Kg3 Kg7 37. f4 gxf4+ 38. Kxf4 Kg6 39. a3 Bd8 40.
g4 Bb6 41. Nf5 Bg1 42. Ne7+ Kg7 43. Nf6 Be6 44. Ke4 Bc5 45. Ned5 Bc8 46. Nf4
Bb7+ 47. N6d5 Bc8 48. Nf6 Kh6 49. N4d5 Kg5 50. Nc7 Bb7+ 51. Nfd5 Kxg4 52. e6
fxe6 53. Nxe6 Bf2 54. Nd8 Ba8 55. Ne6 Bh4 56. Kd4 Kf3 57. Nec7 Bb7 58. Kc5 Bf2+
59. Kb4 Bg3 60. Kc5 Be5 61. a4 bxa4 62. Kxc4 Bxb2 63. Kb4 a3 64. Kb3 Ke4 65.
Nb4 a5 66. Nc2 a4+ 67. Ka2 Be5 68. Nb5 Kd3 69. Kxa3 Kxc2 70. Kxa4 Kd3 71. Kb4
Bf4 72. Kc5 Be3+ 73. Kd6 Kc4 74. Nc7 Bf3 75. Ne6 Bf2 76. Ke5 Bg3+ 77. Kf5 Kd5
78. Nf4+ Kd6 79. Nd3 Bd1 80. Ke4 Bh5 81. Nf4 Bf7 82. Kf5 Be8 83. Kg4 Bh2 84.
Kf5 Bb5 85. Ke4 Ba4 86. Nd3 Bg1 87. Nf4 Bc2+ 88. Kf3 Ke5 89. Ne2 Bc5 90. Nf4
Kf5 91. Ng2 Be4+ 92. Kg3 Kg5 93. Ne1 Bd6+ 94. Kf2 1/2-1/2

[Event "43rd World Open"]
[Site "Arlington, VA"]
[Date "2015.07.02"]
[Round "2"]
[White "Ramirez, Alejandro"]
[Black "Krishnan, Varun"]
[Result "1-0"]
[WhiteElo "2587"]
[BlackElo "2315"]
[PlyCount "71"]
[EventDate "2015.07.??"]
[EventType "swiss"]
[EventRounds "9"]
[EventCountry "USA"]

1. Nf3 d5 2. c4 e6 3. g3 Nf6 4. Bg2 Be7 5. b3 c5 6. e3 Nc6 7. O-O O-O 8. Bb2 d4
9. exd4 cxd4 10. Re1 Re8 11. a3 a5 12. d3 Bf8 13. Ne5 Nxe5 14. Rxe5 Bd6 15. Rb5
e5 16. Bxb7 Bd7 17. Bxa8 Qxa8 18. Nd2 Qa6 19. a4 Bb4 20. Qe2 Qe6 21. f3 Bc6 22.
Ne4 Nd7 23. g4 g6 24. g5 f5 25. gxf6 Nxf6 26. Rf1 Nh5 27. Bc1 Qe7 28. f4 Nxf4
29. Bxf4 exf4 30. Rxf4 Kg7 31. Qf2 Bc3 32. h4 Qc7 33. Rc5 Re6 34. Ng5 Re7 35.
Rxc6 Qxc6 36. Rf7+ 1-0